Ministering cross-culturally: (Record no. 10162)

000 -LEADER
fixed length control field 00800nam a2200217 a 4500
001 - CONTROL NUMBER
control field :::00007947$&:&@@
003 - CONTROL NUMBER IDENTIFIER
control field OkBaRHE
005 - DATE AND TIME OF LATEST TRANSACTION
control field 20100401153314.0
008 - FIXED-LENGTH DATA ELEMENTS--GENERAL INFORMATION
fixed length control field s1987 j 000 0 eng u
020 ## - INTERNATIONAL STANDARD BOOK NUMBER
International Standard Book Number 0801056322 (pbk.)
040 ## - CATALOGING SOURCE
Transcribing agency
100 1# - MAIN ENTRY--PERSONAL NAME
Personal name Lingenfelter, Sherwood G., and Mayers, Marvin K.
245 10 - TITLE STATEMENT
Title Ministering cross-culturally:
Remainder of title an incarnational model for personal relationships.
260 ## - PUBLICATION, DISTRIBUTION, ETC. (IMPRINT)
Place of publication, distribution, etc Grand Rapids, MI., :
Name of publisher, distributor, etc Baker Book House
Date of publication, distribution, etc 1987
300 ## - PHYSICAL DESCRIPTION
Extent 125 p. : illus. ;
Dimensions 22 cm.
650 ## - SUBJECT ADDED ENTRY--TOPICAL TERM
Topical term or geographic name as entry element Intercultural communication
650 ## - SUBJECT ADDED ENTRY--TOPICAL TERM
Topical term or geographic name as entry element Missions
General subdivision Anthropological aspects
700 ## - ADDED ENTRY--PERSONAL NAME
Personal name Mayers, Marvin Keene, 1927-, Joint author.
942 ## - ADDED ENTRY ELEMENTS (KOHA)
Source of classification or shelving scheme
Koha item type Books
Copies
Copy number Withdrawn status Not for loan Koha item type Date last seen Price effective from Date acquired Shelving location Full call number Lost status Permanent Location Source of classification or shelving scheme Barcode Damaged status
1  Books2010-04-142010-04-142010-04-14General StacksBV 2063 .L434 1986 RHEMA Bible Training College 7947